000 00620nam a2200229Ia 4500
003 OSt
005 20221007080102.0
006 a|||||r|||| 00| 0
007 ta
008 221006b |||||||| |||| 00| 0 eng d
024 _a24,098
037 _cTextual
040 _aFLL
_cFLL
_beng
041 _2eng
_aeng
082 _aZ2,215, M2
100 _aChopra Maharaj K.
_9119534
245 0 _aIndia and the Indian ocean
260 _aNew Delhi
_bSterling Publishers Pvt. Ltd. India
_c1982
300 _ax,1-234p
_ccm.
942 _hZ2,215, M2
_cTEXL
_2CC
999 _c1158318
_d1158318